<?xml version="1.0" encoding="UTF-8"?>
<record
    xmlns:xsi="http://www.w3.org/2001/XMLSchema-instance"
    xsi:schemaLocation="http://www.loc.gov/MARC21/slim http://www.loc.gov/standards/marcxml/schema/MARC21slim.xsd"
    xmlns="http://www.loc.gov/MARC21/slim">

  <leader>01630nam a2200361 a 4500</leader>
  <controlfield tag="001">77199</controlfield>
  <controlfield tag="003">BD-RjUL</controlfield>
  <controlfield tag="005">20211209082937.0</controlfield>
  <controlfield tag="008">200302r19881987ja a     bc   000 0 eng  </controlfield>
  <datafield tag="020" ind1=" " ind2=" ">
    <subfield code="a">093631611X (pbk.) :</subfield>
    <subfield code="c">$20.00</subfield>
  </datafield>
  <datafield tag="035" ind1=" " ind2=" ">
    <subfield code="a">(BD-RjUL)77423</subfield>
  </datafield>
  <datafield tag="040" ind1=" " ind2=" ">
    <subfield code="a">DLC</subfield>
    <subfield code="c">DLC</subfield>
    <subfield code="d">DLC</subfield>
    <subfield code="d">BD-RjUL</subfield>
    <subfield code="b">eng</subfield>
  </datafield>
  <datafield tag="041" ind1=" " ind2=" ">
    <subfield code="a">eng</subfield>
  </datafield>
  <datafield tag="082" ind1="0" ind2="0">
    <subfield code="2">23</subfield>
    <subfield code="a">759.952</subfield>
    <subfield code="b">TAP 1988</subfield>
  </datafield>
  <datafield tag="100" ind1=" " ind2=" ">
    <subfield code="a">Takashina, Sh&#x16B;ji,</subfield>
    <subfield code="d">1932-</subfield>
    <subfield code="9">240230</subfield>
  </datafield>
  <datafield tag="245" ind1="0" ind2="0">
    <subfield code="a">Paris in Japan :</subfield>
    <subfield code="b">the Japanese encounter with European painting /</subfield>
    <subfield code="c">Sh&#x16B;ji Takashina, J. Thomas Rimer, with Gerald D. Bolas.</subfield>
  </datafield>
  <datafield tag="260" ind1=" " ind2=" ">
    <subfield code="a">Tokyo ;</subfield>
    <subfield code="a">St. Louis :</subfield>
    <subfield code="b">Japan Foundation ;</subfield>
    <subfield code="b">Washington University,</subfield>
    <subfield code="c">1987.</subfield>
  </datafield>
  <datafield tag="300" ind1=" " ind2=" ">
    <subfield code="a">287 p. :</subfield>
    <subfield code="b">ill. (some col.) ;</subfield>
    <subfield code="c">28 cm.</subfield>
  </datafield>
  <datafield tag="500" ind1=" " ind2=" ">
    <subfield code="a">Catalog of an exhibition held at Washington Univ. Gallery of Art, St. Louis, on Oct. 2-Nov. 22, 1987; Japan House Gallery, New York, on Dec. 11, 1987-Feb. 7, 1988; Wight Art Gallery, Univ. of Calif. at Los Angeles, on Feb. 21-Apr. 3, 1988.</subfield>
  </datafield>
  <datafield tag="504" ind1=" " ind2=" ">
    <subfield code="a">Bibliography: p. 282-287.</subfield>
  </datafield>
  <datafield tag="650" ind1=" " ind2="0">
    <subfield code="a">Painting, Japanese</subfield>
    <subfield code="x">Exhibitions.</subfield>
    <subfield code="9">240231</subfield>
  </datafield>
  <datafield tag="650" ind1=" " ind2="0">
    <subfield code="a">Painting, Japanese</subfield>
    <subfield code="y">Meiji period, 1868-1912</subfield>
    <subfield code="x">Exhibitions.</subfield>
    <subfield code="9">240232</subfield>
  </datafield>
  <datafield tag="650" ind1=" " ind2="0">
    <subfield code="a">Painting, Japanese</subfield>
    <subfield code="x">French influences</subfield>
    <subfield code="x">Exhibitions.</subfield>
    <subfield code="9">240233</subfield>
  </datafield>
  <datafield tag="650" ind1=" " ind2="0">
    <subfield code="a">Painting, Japanese</subfield>
    <subfield code="x">European influences</subfield>
    <subfield code="x">Exhibitions.</subfield>
    <subfield code="9">240234</subfield>
  </datafield>
  <datafield tag="700" ind1="1" ind2=" ">
    <subfield code="a">Rimer, J. Thomas.</subfield>
    <subfield code="9">114759</subfield>
  </datafield>
  <datafield tag="700" ind1="1" ind2=" ">
    <subfield code="a">Bolas, Gerald D.</subfield>
    <subfield code="9">240235</subfield>
  </datafield>
  <datafield tag="710" ind1="2" ind2=" ">
    <subfield code="a">Washington University (Saint Louis, Mo.).</subfield>
    <subfield code="b">Gallery of Art.</subfield>
    <subfield code="9">240236</subfield>
  </datafield>
  <datafield tag="710" ind1="2" ind2=" ">
    <subfield code="a">Japan House Gallery.</subfield>
    <subfield code="9">240237</subfield>
  </datafield>
  <datafield tag="710" ind1="2" ind2=" ">
    <subfield code="a">Frederick S. Wight Art Gallery.</subfield>
    <subfield code="9">240238</subfield>
  </datafield>
  <datafield tag="942" ind1=" " ind2=" ">
    <subfield code="2">ddc</subfield>
    <subfield code="c">BK</subfield>
  </datafield>
  <datafield tag="999" ind1=" " ind2=" ">
    <subfield code="c">77199</subfield>
    <subfield code="d">77199</subfield>
  </datafield>
  <datafield tag="952" ind1=" " ind2=" ">
    <subfield code="0">0</subfield>
    <subfield code="1">0</subfield>
    <subfield code="2">ddc</subfield>
    <subfield code="4">0</subfield>
    <subfield code="7">1</subfield>
    <subfield code="8">NFIC</subfield>
    <subfield code="a">RUCL</subfield>
    <subfield code="b">RUCL</subfield>
    <subfield code="c">Reading</subfield>
    <subfield code="d">1994-07-05</subfield>
    <subfield code="l">0</subfield>
    <subfield code="o">759.952 TAP 1988</subfield>
    <subfield code="r">2020-03-02 00:00:00</subfield>
    <subfield code="t">C-1</subfield>
    <subfield code="w">2020-03-02</subfield>
    <subfield code="y">BK</subfield>
  </datafield>
</record>
